00618nam a22002177a 450000300250000000500170002500800340004202000150007604000380009108200210012910000140015024500400016425000080020426000290021230000120024150000060025365000150025994200150027495200940028999900170038300448nam a22001937a 450020230719162605.0230718b |||||||| |||| 00| 0 eng d a8185749299 c Library of Congress catalog card 22nda621.38bGUP aJ.B.Gupta aA Course in Electrical Technology-I a2nd aNEW DELHIbKatariac2003 aXVI;667 a1 aElectrical 2ddccBKn0 00102ddc4070aTATCLbTATCLd2023-07-19l0o621.38 GUPp661r2023-07-19w2023-07-19yBK c61096d61096